Jurisprudence du CIRDI / (Record no. 1894)

MARC details
000 -LEADER
fixed length control field 01429cam a22003974a 4500
001 - CONTROL NUMBER
control field ocm56573909
003 - CONTROL NUMBER IDENTIFIER
control field TZ-ArACH
005 - DATE AND TIME OF LATEST TRANSACTION
control field 20120918164611.0
008 - FIXED-LENGTH DATA ELEMENTS--GENERAL INFORMATION
fixed length control field 040907m20049999fr d bvw 001 0 fre
010 ## - LIBRARY OF CONGRESS CONTROL NUMBER
LC control number 2004476774
020 ## - INTERNATIONAL STANDARD BOOK NUMBER
International Standard Book Number 1)
020 ## - INTERNATIONAL STANDARD BOOK NUMBER
International Standard Book Number 9782233005816 (v. 2)
020 ## - INTERNATIONAL STANDARD BOOK NUMBER
International Standard Book Number 2233005813 (v. 2)
035 ## - SYSTEM CONTROL NUMBER
System control number (OCoLC)56573909
Canceled/invalid control number (OCoLC)588533070
037 ## - SOURCE OF ACQUISITION
Stock number 9782233004529
040 ## - CATALOGING SOURCE
Original cataloging agency DLC
Language of cataloging eng
Transcribing agency TZ-ArACH
Modifying agency TZT
-- AUXAM
-- MUQ
-- CDX
-- OCLCQ
041 ## - LANGUAGE CODE
Language code of text/sound track or separate title Fre
042 ## - AUTHENTICATION CODE
Authentication code pcc
049 ## - LOCAL HOLDINGS (OCLC)
Holding library TZAA
050 00 - LIBRARY OF CONGRESS CALL NUMBER
Classification number K3829
Item number .G35
082 00 - DEWEY DECIMAL CLASSIFICATION NUMBER
Classification number 346/.092
Edition number 22
100 1# - MAIN ENTRY--PERSONAL NAME
Personal name Gaillard, Emmanuel.
9 (RLIN) 6855
245 13 - TITLE STATEMENT
Title Jurisprudence du CIRDI /
Statement of responsibility, etc Emmanuel Gaillard.
260 ## - PUBLICATION, DISTRIBUTION, ETC. (IMPRINT)
Place of publication, distribution, etc Paris :
Name of publisher, distributor, etc A. Pedone,
Date of publication, distribution, etc 2010
300 ## - PHYSICAL DESCRIPTION
Extent v. <1-2> :
Other physical details charts ;
Dimensions 25 cm.
504 ## - BIBLIOGRAPHY, ETC. NOTE
Bibliography, etc Includes bibliographical references and index.
505 0# - FORMATTED CONTENTS NOTE
Formatted contents note v. 1. [1965-2004] -- v. 2. 2004-2008.
650 #0 - SUBJECT ADDED ENTRY--TOPICAL TERM
Topical term or geographic name as entry element Investments, Foreign (International law)
Form subdivision Cases.
9 (RLIN) 6856
650 #0 - SUBJECT ADDED ENTRY--TOPICAL TERM
Topical term or geographic name as entry element International commercial arbitration
Form subdivision Cases.
9 (RLIN) 6857
650 #6 - SUBJECT ADDED ENTRY--TOPICAL TERM
Topical term or geographic name as entry element Investissements étrangers
General subdivision Droit international
Form subdivision Jurisprudence.
9 (RLIN) 6858
650 #6 - SUBJECT ADDED ENTRY--TOPICAL TERM
Topical term or geographic name as entry element Arbitrage (Droit international privé)
Form subdivision Jurisprudence.
9 (RLIN) 6859
653 ## - INDEX TERM--UNCONTROLLED
Uncontrolled term International law
710 2# - ADDED ENTRY--CORPORATE NAME
Corporate name or jurisdiction name as entry element International Centre for Settlement of Investment Disputes.
9 (RLIN) 6860
942 ## - ADDED ENTRY ELEMENTS (KOHA)
Source of classification or shelving scheme Library of Congress Classification
Koha item type Books
Holdings
Home library Current library Shelving location Date acquired Full call number Barcode Koha item type
African Court on Human and Peoples' Rights Library African Court on Human and Peoples' Rights Library   18/09/2012 K3829 .G35 10021078 Books

African Court on Human and Peoples' Rights | For Inquiries Contact » +255 272 510 510